| 000 | 01307nam0a2200301 4500 | ||
|---|---|---|---|
| 001 | RU\NLR\BIBL_A\011238030 | ||
| 005 | 20260407063619.0 | ||
| 010 |
_a978-5-17-099120-4 _93500 |
||
| 021 |
_aRU _b2016-73196 _94738 |
||
| 035 | _a(NLR Aleph) 011238030 | ||
| 090 |
_a12106329 _c12106329 |
||
| 100 | _a20161011d2016 |||y0rusy50 ca | ||
| 101 | 1 |
_arus _ceng |
|
| 102 | _aRU | ||
| 105 | _ay z|||000 | ||
| 200 | 1 |
_aХребты безумия _e[перевод с английского _eсборник] _fГовард Лавкрафт |
|
| 210 |
_aМосква _cАСТ _d2016 |
||
| 215 |
_a477, [2] с. _d21 |
||
| 225 | 1 | _aМастера магического реализма | |
| 327 | 0 | _aСодерж.: Алхимик; Белый Корабль; По ту сторону сна; Показания Рэндольфа Картера; Кошки Улатара; Полярная звезда; Дерево; Артур Джермин; Селефаис; Усыпальница [и др.] | |
| 333 | _a16+ | ||
| 686 | 1 | _aШ6(7США)67-445.5{Лх1978-92} | |
| 700 | 1 |
_7ca _8rus _aЛавкрафт _bГ. Ф. _f1890-1937 _gГовард Филлипс _9123422 _3RU\NLR\auth\7713740 |
|
| 942 | _cBOOK | ||
| 980 | _aNB | ||